| 000 | 00699nam a22000977a 4500 | ||
|---|---|---|---|
| 999 |
_c2994 _d2994 |
||
| 008 | 190614b ||||| |||| 00| 0 eng d | ||
| 100 | _aWulbecke, M. | ||
| 245 | _aHandbuch der deutschen Zonenmarken 1945-46 | ||
| 260 |
_aHamburg. Germany _bGerhard Bauer _c1947 |
||
| 650 | _aAllied Occupation -- Germany | Locals and Private Posts | 1945-1946 | Post World War II | Postage Paid | Fee Paid Mail | Provisionals and Forerunners | Occupation Issues | Postal Markings | Postal History | Catalogs and Price Lists | Forgeries and Counterfeits | Production | Errors and Varieties | Germany, West (1945-) | Germany, East (1945-) | Collecting -- Guides and Handbooks | Collecting -- Identification | Stamps -- Histories | ||